000 00284nam a22001337a 4500
008 170607b xxu||||| |||| 00| 0 eng d
020 _a9781595581143
041 _aeng
080 _a94
100 _a18
101 _aSHH
245 _aWAR IN HEAVEN
_cCALDICOTT,H
942 _2udc
_cBK
999 _c16277
_d16277